De las sociedades comerciales : (Registro nro. 30780)

Detalles MARC
000 -LEADER
fixed length control field 03556nam a2200313Ia 4500
003 - CONTROL NUMBER IDENTIFIER
control field CO-CtgCURN
005 - DATE AND TIME OF LATEST TRANSACTION
control field 20250409212018.0
008 - FIXED-LENGTH DATA ELEMENTS--GENERAL INFORMATION
fixed length control field 230206s9999 xx 000 0 und d
020 ## - INTERNATIONAL STANDARD BOOK NUMBER
International Standard Book Number 9789585032033
040 ## - CATALOGING SOURCE
Original cataloging agency CO-CtgCURN
Language of cataloging spa
Transcribing agency coctgcurn
082 ## - DEWEY DECIMAL CLASSIFICATION NUMBER
Classification number 346.07
Item number P419sc
100 ## - MAIN ENTRY--PERSONAL NAME
Personal name Peña Nosa, Lisandro
Relator term autor
9 (RLIN) 6535
245 #0 - TITLE STATEMENT
Title De las sociedades comerciales :
Remainder of title enfasís emn sociedad por acciones simplificada /
Statement of responsibility, etc. Lisandro Peña Nossa
250 ## - EDITION STATEMENT
Edition statement 9 edición
260 ## - PUBLICATION, DISTRIBUTION, ETC.
Place of publication, distribution, etc. Bogotá, Colombia :
Name of publisher, distributor, etc. Ecoe Ediciones,
Date of publication, distribution, etc. 2022
300 ## - PHYSICAL DESCRIPTION
Extent 543 páginas ;
Dimensions 24 centímetros
490 ## - SERIES STATEMENT
Series statement Derecho
500 ## - GENERAL NOTE
General note Incluye índice
504 ## - BIBLIOGRAPHY, ETC. NOTE
Bibliography, etc. note Incluye referencias bibliográficas
505 ## - FORMATTED CONTENTS NOTE
Formatted contents note Parte 1. Nociones generales -- Capítulo I. La empresa en la Constitución Política de Colombia -- Capítulo II. Naturaleza jurídica de las sociedades -- Capítulo III. Personalidad jurídica de la sociedad -- Capítulo IV. Requisitos de fondo para la validez del contrato social -- Capítulo V. Requisitos de forma del contrato social -- Capítulo VI. Requisitos esenciales para la existencia de la sociedad -- Parte 2 . Sociedades comerciales -- Capítulo I. Sociedad colectiva -- Capítulo II. Sociedad anónima -- Capítulo III. Sociedad de responsabilidad limitada -- Capítulo IV. Sociedades comanditarias -- Capítulo V. Empresa unipersonal -- Capítulo VI. Sociedad por acciones simplificada -- Capítulo VII. Sociedad de hecho -- Capítulo VIII. Grupos empresariales -- Capítulo IX. Sucursales y agencias -- Parte 3. Gestión interna y externa de la sociedad -- Capítulo I. Asamblea general de accionistas o junta de socios -- Capítulo II. Estados financieros y reparto de utilidades -- Capítulo III. Junta Directiva -- Capítulo IV. Representante legal -- Capítulo V. Revisor fiscal -- Capítulo VI. Administradores de la sociedad y su responsabilidad -- Capítulo VII. Obligaciones del empresario -- Capítulo VIII. Reformas estatutarias -- Capítulo IX. Transformación, fusión y escisión de la sociedad -- Capítulo X. Derecho de retiro o receso -- Capítulo XI. Inspección, vigilancia y control -- Parte 4. Terminación de la sociedad -- Capítulo I. Disolución de la sociedad -- apítulo II. Liquidación del patrimonio social -- Capítulo III. Insolvencia transfronteriza
520 ## - SUMMARY, ETC.
Summary, etc. Al constituir una sociedad comercial las personas unen sus capitales para desarrollar un negocio con beneficios representados en utilidades que se repartirán a los asociados. Así mismo, el régimen societario, permite que las personas naturales por razón de su carácter o actividad puedan constituirse como empresas unipersonales o de diferente tipo societario. La presente obra presta especial énfasis a la sociedad por acciones simplificada, a sus ventajas jurídicas y económicas. Además, desarrolla cada tipo de sociedad comercial, sus nociones generales, los requisitos de fondo y forma para su constitución y un estudio profundo de su tratamiento legal y de sus ventajas económicas; seguido de la gestión interna y externa de la sociedad, la disolución, liquidación y el régimen de reorganización empresarial e insolvencia transfronteriza.
521 ## - TARGET AUDIENCE NOTE
Target audience note AREA PROFESIONAL
590 ## - LOCAL NOTE (RLIN)
Local note Programa de Derecho_18
650 ## - SUBJECT ADDED ENTRY--TOPICAL TERM
Topical term or geographic name entry element Derecho comercial
Geographic subdivision Colombia
9 (RLIN) 6536
650 ## - SUBJECT ADDED ENTRY--TOPICAL TERM
Topical term or geographic name entry element Sociedades comerciales
Geographic subdivision Colombia
9 (RLIN) 6537
942 ## - ADDED ENTRY ELEMENTS (KOHA)
Koha item type Libros
Classification part 346.07
Item part P419sc
Source of classification or shelving scheme Dewey Decimal Classification
Koha issues (borrowed), all copies 2
Existencias
Withdrawn status Lost status Source of classification or shelving scheme Damaged status Not for loan Collection Home library Current library Shelving location Date acquired Source of acquisition Inventory number Total checkouts Full call number Barcode Date last seen Date last checked out Copy number Price effective from Koha item type Public note
    Dewey Decimal Classification       Miguel Henríquez Castañeda Barranquilla Miguel Henríquez Castañeda Barranquilla General 02/06/2022 Compra OC-11-021-22 05146 1 346.07 P419sc 05146 05/09/2023 05/09/2023 ej.1 02/06/2023 Libros Compra OC-11-021-22 IIP 2022
    Dewey Decimal Classification       Miguel Henríquez Castañeda Barranquilla Miguel Henríquez Castañeda Barranquilla General 02/06/2022 Compra OC-11-021-22 05147 1 346.07 P419sc 05147 05/04/2023 05/03/2023 ej.2 02/06/2023 Libros Compra OC-11-021-22 IIP 2022